000 00935nmm a2200289 a 4500
001 ocm000585408
003 TR-IsHL
005 20201028122446.0
008 131028s2010 tu tur
007 cr cn
020 _a9789755123172
035 _a585408
_b(N$T)
050 0 4 _aPE1126
_b.P47 2010
090 0 4 _aPE1126
_b.P47 2010
100 1 _aPerrault, Charles
245 1 0 _aKırmızı başlıklı kız
_h[electronic resource] /
_cCharles Perrault ; çev. Tuba Öztürk
250 _a1. bs.
260 _aİstanbul :
_bBirleşik Yayın Grubu,
_c2010
300 _a79 p.
650 4 _aDil ve Edebiyat
650 4 _aLanguage and Literature
650 0 _aMasallar, Fransız
650 0 _aFairy Tales, French
650 7 _aJUVENILE FICTION / Fairy Tales & Folklore / General
_2bisacsh
700 1 _aÖztürk, Tuba
856 4 0 _uhttp://search.ebscohost.com/login.aspx?direct=true&scope=site&db=e011xww&AN=585408
999 _c1880
_d1880